| 000 | 00895cam a2200277Ia 4500 | ||
|---|---|---|---|
| 020 | _a0538680474 | ||
| 020 | _a0538674970 (t.ed., pt.1) | ||
| 020 | _a0538674989 (t.ed., pt.2) | ||
| 020 | _a0538680490 (t. annotated ed., pt.1) | ||
| 020 | _a0538680504 (t. annotated ed., pt.2) | ||
| 040 | _cKMM | ||
| 082 | _a512 SOU 1998 A026 Or. | ||
| 245 | 0 | 0 |
_aSouth-Western Algebra 1 : _ban integrated approach / |
| 246 | 3 | _aSouth Western Algebra 1 | |
| 246 | 3 | 0 | _aAlgebra 1 |
| 246 | 3 | _aSouth-Western Algebra one | |
| 246 | 3 | _aSouth Western Algebra one | |
| 246 | 3 | _aAlgebra one | |
| 260 |
_aCincinnati : _bSouth-Western Educational Publishing, _cc1998 |
||
| 300 |
_av, [13], 794 p. : _bill. ; _c27 cm. + _eteacher's annotated edition (2 v.) |
||
| 500 | _aIncludes index | ||
| 650 | 0 | _aAlgebra | |
| 700 | 1 | _aGerver, Robert K | |
| 710 | 2 | _aSouth-Western Educational Publishing | |
| 942 | _cEK | ||
| 999 |
_c13320 _d13320 |
||